« Une sorte de Pascal politique » : Tocqueville et la littérature démocratique (notice n° 1653865)

détails MARC
000 -LEADER
fixed length control field 01386cam a2200157 4500500
005 - DATE AND TIME OF LATEST TRANSACTION
control field 20260208005816.0
041 ## - LANGUAGE CODE
Language code of text/sound track or separate title fre
042 ## - AUTHENTICATION CODE
Authentication code dc
100 10 - MAIN ENTRY--PERSONAL NAME
Personal name Mélonio, Françoise
Relator term author
245 00 - TITLE STATEMENT
Title « Une sorte de Pascal politique » : Tocqueville et la littérature démocratique
260 ## - PUBLICATION, DISTRIBUTION, ETC.
Date of publication, distribution, etc. 2005.<br/>
500 ## - GENERAL NOTE
General note 8
520 ## - SUMMARY, ETC.
Summary, etc. On a souvent souligné combien l’œuvre de Tocqueville ouvrait, après celle de Montesquieu, la voie à la sociologie. Elle est ici analysée dans son rapport aux moralistes du XVIIe siècle, dont Tocqueville faisait une de ses lectures favorites. De la Démocratie en Amérique met en évidence les « contrariétés » des hommes démocratiques, livrés à l’incohérente activité de leurs désirs, mais capables de sublime. À ces hommes dont le goût se porte naturellement vers une littérature industrielle, vers l’outrance et le vague de la pensée, Tocqueville propose un essai qui renoue avec l’écriture des moralistes par la distance ironique et paradoxale qu’il prend avec le monde qu’il observe. La tradition moraliste est ainsi mise au service de l’art d’accommoder les démocraties.
786 0# - DATA SOURCE ENTRY
Note Revue d'histoire littéraire de la France | 105 | 2 | 2005-03-01 | p. 273-284 | 0035-2411
856 41 - ELECTRONIC LOCATION AND ACCESS
Uniform Resource Identifier <a href="https://shs.cairn.info/revue-d-histoire-litteraire-de-la-france-2005-2-page-273?lang=fr&redirect-ssocas=7080">https://shs.cairn.info/revue-d-histoire-litteraire-de-la-france-2005-2-page-273?lang=fr&redirect-ssocas=7080</a>

Pas d'exemplaire disponible.

PLUDOC

PLUDOC est la plateforme unique et centralisée de gestion des bibliothèques physiques et numériques de Guinée administré par le CEDUST. Elle est la plus grande base de données de ressources documentaires pour les Étudiants, Enseignants chercheurs et Chercheurs de Guinée.

Adresse

627 919 101/664 919 101

25 boulevard du commerce
Kaloum, Conakry, Guinée

Réseaux sociaux

Powered by Netsen Group @ 2025